Catalog

Record Details

Catalog Search



Jesus als Psychotherapeut : Jesu Menschenbehandlung als Modell moderner Psychotherapie Cover Image Book Book

Jesus als Psychotherapeut : Jesu Menschenbehandlung als Modell moderner Psychotherapie Hanna Wolff

Wolff, Hanna (Author).

Record details

  • ISBN: 3-87173-531-0
  • Physical Description: 178 s.
  • Publisher: Stuttgart Radius 1978

Available copies

  • 1 of 1 copy available at Common Catalog SPOK.

Holds

  • 0 current holds with 1 total copy.
Show Only Available Copies
Location Call Number / Copy Notes Barcode Shelving Location Status Due Date
ETS Library 232.904 424470005895 Volný výběr Available -

LDR 00705nam a2 00229
00143657
003CZ-PrJAB
00520031121000000.0
008031121s1978 xr e |||| |ger
009ge
020 . ‡a3-87173-531-0
035 . ‡a(CONS)4553
035 . ‡aKPS5635
041 . ‡ager
08214. ‡a232.904
100 . ‡71509 ‡aWolff, Hanna
245 . ‡aJesus als Psychotherapeut : ‡bJesu Menschenbehandlung als Modell moderner Psychotherapie ‡cHanna Wolff
260 . ‡aStuttgart ‡bRadius ‡c1978
300 . ‡a178 s.
653 . ‡aJesus als Psychotherapeut Jesu Menschenbehandlung als Modell moderner Psychotherapie
8524 . ‡bETS ‡bETS ‡cVolný výběr ‡j232.904 ‡gA ‡p424470005895
910 . ‡aABG450
999 . ‡a4553 ‡bAUTOGEN ‡c4553 ‡tbiblio
905 . ‡uadmin
901 . ‡a43657 ‡b ‡c43657 ‡tbiblio ‡sets

Additional Resources